000 00276nam a22001337a 4500
008 170214b xxu||||| |||| 00| 0 eng d
020 _a0721658431
041 _aeng
080 _a61
100 _a4
101 _aSHM
245 _aCURRENT DIAGNOSIS
_cCONN.B
942 _2udc
_cBK
999 _c5409
_d5409